Hiszpański - łazienka, majsterkowanie i DIY - Statystyki

Ogólne statystyki
  • Ten quiz został rozwiązany 9 razy
  • Średni wynik to 13 z 59
Statystyki odpowiedzi
Hint Odpowiedź % Poprawnych
wanna (f) bańera
100%
bidet (m) bide
100%
prysznic (f) ducha
100%
farba (f) pintura
100%
bateria (f) bateria
50%
szczotka (m) cepillo
50%
szczoteczka do zębów (m) cepillo de dientes
50%
szampon (f) champu
50%
gwóźdź (m) clavo
50%
dekoracje (f) decoración
50%
dekorować decorar
50%
śrubokręt (m) destornillador
50%
drabina (f) escalera
50%
lustro (m) espejo
50%
prace budowlane (f) obras
50%
chusteczka (m) pańuelo
50%
klej (m) pegamento
50%
grzebień (m) peine
50%
bateria (f) pila
50%
pędzel (m) pincel
50%
piła (f) sierra
50%
ręcznik (f) toalla
50%
otwór, dziura (m) agujero
0%
szczypce (m) alicates
0%
płytka (m) azulejo
0%
bańki (f) burbujas
0%
skrzynka z narzędziami (f) caja de herramientas
0%
kosz na pranie (f) cesta de la ropa sucia
0%
taśma klejąca (f) cinta adhesiva
0%
zasłona prysznicowa (f) cortina de ducha
0%
maszynka do golenia (f) cuchilla de afeitar
0%
lina, sznurek (f) cuerda
0%
gąbka (f) esponja
0%
mocować fijar
0%
okulary ochronne (f) gafas de seguridad
0%
żel pod prysznic (m) gel de ducha
0%
żyletka (f) hoja de afeitar
0%
mydło (m) jabón
0%
mydelniczka (f) jabonera
0%
cegła (m) ladrillo
0%
zlew (m) lavabo
0%
wygładzać, szlifować lijar
0%
pilnik (f) lima
0%
klucz francuski (f) llave inglesa
0%
golarka elektryczna (f) maquinilla de afeitar
0%
młotek (m) martillo
0%
stół roboczy (f) mesa de trabajo
0%
papier toaletowy (m) papel higienico
0%
śruba z łbem walcowym (m) perno
0%
lśnić, polerować pulir
0%
remontować, odnawiać reformar
0%
naprawa (f) reparación
0%
suszarka do włosów (m) secador de pelo
0%
wiercić taladrar
0%
wiertarka (m) taladro
0%
dachówka (f) teja
0%
wieszak na ręcznik (m) toallero
0%
śruba (m) tornillo
0%
nakrętka (f) tuerca
0%
Nie znaleziono quizów pasujących do podanych kryteriów
Rozkład punktacji
Procent ludzi z każdym wynikiem
Percentyl według liczby udzielonych odpowiedzi
Twoja historia wyników
Nie rozwiązałeś tego quizu